Dejiny filozofie na Slovensku v XX. storočí
Guardado en:
| Otros Autores: | , , |
|---|---|
| Formato: | Libro |
| Lenguaje: | eslovaco |
| Publicado: |
Bratislava
Filozofický ústav SAV
1998
|
| Materias: | |
| Etiquetas: |
Sin Etiquetas, Sea el primero en etiquetar este registro!
|
MARC
| LEADER | 00000nam a2200000 4500 | ||
|---|---|---|---|
| 001 | c117833 | ||
| 005 | 20260105113710.7 | ||
| 020 | |a 80-85402-32-7 | ||
| 041 | 0 | |a slo | |
| 044 | |a SK | ||
| 245 | 1 | 0 | |a Dejiny filozofie na Slovensku v XX. storočí |c Editori: Karol Kollár, Andrej Kopčok, Tibor Pichler |
| 264 | 1 | |a Bratislava |b Filozofický ústav SAV |c 1998 | |
| 300 | |a 486 s. | ||
| 610 | 2 | 0 | |a filozofia |
| 610 | 2 | 0 | |a dejiny filozofie |
| 610 | 2 | 0 | |a Slovensko |
| 700 | 1 | |a Kollár, Karol | |
| 700 | 1 | |a Kopčok, Andrej | |
| 700 | 1 | |a Pichler, Tibor | |